[Event "St Petersburg-ch Seniors Blitz (Women)"]
[Site "St Petersburg"]
[Date "2022.10.05"]
[Round "7"]
[White "Gladisheva, Tatjana"]
[Black "Bogumil, Tatiana"]
[Result "1/2-1/2"]
[WhiteElo "2125"]
[BlackElo "2082"]
[PlyCount "127"]
[EventDate "2022.10.05"]
[EventType "swiss (blitz)"]
[EventRounds "11"]
[EventCountry "RUS"]
[SourceTitle "CBM 210 Extra"]
[Source "ChessBase"]
[SourceDate "2022.11.30"]
[SourceVersion "1"]
[SourceVersionDate "2022.11.30"]
[SourceQuality "1"]

1. e4 d6 2. d4 g6 3. Nc3 Bg7 4. f4 c6 5. Nf3 Nf6 6. e5 Nd5 7. Nxd5 cxd5 8. Be2 0-0 9. 0-0 Nc6 10. h3 Bf5 11. c3 Rc8 12. Be3 Na5 13. g4 Be4 14. Nd2 f5 15. Qe1 e6 16. Nxe4 fxe4 17. Qg3 Nc4 18. Bxc4 Rxc4 19. f5 dxe5 20. dxe5 exf5 21. gxf5 gxf5 22. Bh6 Qe7 23. Rad1 Rc6 24. Qxg7+ Qxg7+ 25. Bxg7 Kxg7 26. Rxd5 Rg6+ 27. Kf2 f4 28. Rg1 e3+ 29. Kf1 f3 30. Rxg6+ Kxg6 31. Rd3 e2+ 32. Kf2 Kg5 33. Re3 h5 34. e6 Kh4 35. e7 Re8 36. Kxf3 Kxh3 37. Kxe2+ Kg4 38. Kf2 Kf5 39. Kg3 Kg5 40. Re5+ Kf6 41. Rxh5 Rxe7 42. Rh2 Kg5 43. Rd2 Kf5 44. Kf3 Rh7 45. Ke3 Ke5 46. Rf2 Rh3+ 47. Kd2 Rh7 48. b3 Kd6 49. a4 b6 50. Kd3 Rh3+ 51. Kd4 Rh4+ 52. Kd3 Rh3+ 53. Kd2 Rh7 54. Re2 a6 55. Kd3 Rh3+ 56. Re3 Rh7 57. b4 b5 58. a5 Rh6 59. Kd4 Rh4+ 60. Re4 Rh1 61. Rg4 Rh6 62. c4 bxc4 63. Kxc4 Kc6 64. Rf4 1/2-1/2

[Event "Urals-ch (Women)"]
[Site "Russia"]
[Date "2012.02.28"]
[Round "4"]
[White "Gladisheva, Tatjana"]
[Black "Chigaeva, Anastasia"]
[Result "1-0"]
[WhiteElo "2191"]
[BlackElo "1930"]
[PlyCount "97"]
[EventDate "2012.02.25"]
[EventType "swiss"]
[EventRounds "9"]
[EventCountry "RUS"]
[SourceTitle "EXT 2014"]
[Source "ChessBase"]
[SourceDate "2013.11.20"]
[SourceVersion "1"]
[SourceVersionDate "2013.11.20"]
[SourceQuality "1"]

1. d4 Nf6 2. Nf3 g6 3. g3 Bg7 4. Bg2 0-0 5. 0-0 d6 6. a4 a6 7. Nc3 Nc6 8. h3 e5 9. d5 Ne7 10. Bg5 h6 11. Bxf6 Bxf6 12. g4 Bg7 13. e4 f5 14. gxf5 gxf5 15. exf5 Nxf5 16. Ra3 Nh4 17. Ne4 Rf4 18. Nfd2 Nxg2 19. Kxg2 Qh4 20. Qe2 Bf5 21. Re3 Kh8 22. Rh1 Rf8 23. b3 Bg6 24. Rf1 Bh5 25. Qe1 Bf6 26. f3 Qxe1 27. Rfxe1 Bh4 28. Rf1 R4f7 29. Kh2 Rg7 30. Rg1 Rfg8 31. Rxg7 Rxg7 32. c4 Be7 33. Rc3 b6 34. b4 Be8 35. a5 Bd7 36. axb6 cxb6 37. c5 bxc5 38. bxc5 dxc5 39. d6 Bd8 40. Nc4 Bb5 41. Nxe5 Kh7 42. Rxc5 Bf1 43. Rc2 Bb5 44. f4 Bd7 45. Rb2 Bf5 46. Ng3 Bc8 47. Rb8 Bh4 48. Nf5 Rg8 49. Nf3 1-0

[Event "Urals-ch (Women)"]
[Site "Russia"]
[Date "2012.02.27"]
[Round "3"]
[White "Nasybullina, Alfia"]
[Black "Gladisheva, Tatjana"]
[Result "1/2-1/2"]
[WhiteElo "1997"]
[BlackElo "2191"]
[PlyCount "38"]
[EventDate "2012.02.25"]
[EventType "swiss"]
[EventRounds "9"]
[EventCountry "RUS"]
[SourceTitle "EXT 2014"]
[Source "ChessBase"]
[SourceDate "2013.11.20"]
[SourceVersion "1"]
[SourceVersionDate "2013.11.20"]
[SourceQuality "1"]

1. d4 c5 2. d5 g6 3. g3 Nf6 4. Bg2 d6 5. Nc3 Bg7 6. Nf3 b5 7. Nxb5 Qa5+ 8. Nc3 Ne4 9. 0-0 Nxc3 10. bxc3 Bxc3 11. Bd2 Bf5 12. Qb1 Nd7 13. Bxc3 Qxc3 14. Qb7 0-0 15. Nh4 Rfb8 16. Qc7 Rc8 17. Qb7 Rcb8 18. Qc7 Rc8 19. Qb7 Rcb8 1/2-1/2

[Event "Kostroma Volga Cup op"]
[Site "Kostroma"]
[Date "2008.07.??"]
[Round "6"]
[White "Gladisheva, Tatjana"]
[Black "Kazennova, Daria"]
[Result "1-0"]
[WhiteElo "2235"]
[BlackElo "1946"]
[PlyCount "97"]
[EventDate "2008.07.??"]
[EventType "swiss"]
[EventRounds "9"]
[EventCountry "RUS"]
[SourceTitle "EXT 2009"]
[Source "ChessBase"]
[SourceDate "2008.11.26"]
[SourceVersion "1"]
[SourceVersionDate "2008.11.26"]
[SourceQuality "1"]

1. d4 Nf6 2. Nf3 g6 3. c4 Bg7 4. g3 0-0 5. Bg2 d6 6. 0-0 c5 7. Re1 Nbd7 8. d5 a6 9. a4 Ng4 10. Ra3 Rb8 11. a5 Nge5 12. Qc2 Nxf3+ 13. Bxf3 Ne5 14. Bg2 f5 15. f4 Nf7 16. Bd2 e5 17. dxe6 Bxe6 18. Bc3 b5 19. axb6 Qxb6 20. Bxg7 Kxg7 21. Re3 Rfe8 22. b3 Bd7 23. Rxe8 Bxe8 24. Nd2 Bc6 25. e4 fxe4 26. Bxe4 Bxe4 27. Qxe4 Qb4 28. Qd3 a5 29. Re7 Rb7 30. Rxb7 Qxb7 31. Qc3+ Kg8 32. Qxa5 Qe7 33. Qa8+ Kg7 34. Qe4 Qf6 35. Qd3 Qa1+ 36. Kg2 Qd1 37. Qe3 Qc2 38. Kf3 Qd1+ 39. Qe2 Qh1+ 40. Ke3 Qa1 41. Kd3 Qb2 42. Qe4 Qa2 43. g4 Qb2 44. h3 Kg8 45. Ke3 Qc3+ 46. Qd3 Qc1 47. Ke2 Qb2 48. Qf3 Qc1 49. Qe3 1-0

[Event "Kostroma Volga Cup op"]
[Site "Kostroma"]
[Date "2008.07.??"]
[Round "7"]
[White "Sotnikov, Maxim"]
[Black "Gladisheva, Tatjana"]
[Result "1/2-1/2"]
[WhiteElo "1979"]
[BlackElo "2235"]
[PlyCount "33"]
[EventDate "2008.07.??"]
[EventType "swiss"]
[EventRounds "9"]
[EventCountry "RUS"]
[SourceTitle "EXT 2009"]
[Source "ChessBase"]
[SourceDate "2008.11.26"]
[SourceVersion "1"]
[SourceVersionDate "2008.11.26"]
[SourceQuality "1"]

1. d4 d5 2. Nf3 Nf6 3. Nc3 c6 4. Bg5 Bf5 5. e3 e6 6. Bd3 h6 7. Bh4 Be7 8. Ne5 Ne4 9. Bxe7 Qxe7 10. Bxe4 dxe4 11. Qe2 0-0 12. 0-0-0 b5 13. f3 f6 14. Ng4 exf3 15. gxf3 a5 16. Rhg1 Kh8 17. e4 1/2-1/2

[Event "CRO-chT (Women) 15th"]
[Site "Sibenik"]
[Date "2006.09.29"]
[Round "8"]
[White "Gladisheva, Tatjana"]
[Black "Repkova, Eva"]
[Result "0-1"]
[WhiteElo "2303"]
[BlackElo "2351"]
[PlyCount "72"]
[EventDate "2006.09.22"]
[EventType "team-tourn"]
[EventRounds "9"]
[EventCountry "CRO"]
[SourceTitle "CBM 114 Extra"]
[Source "ChessBase"]
[SourceDate "2006.11.03"]
[SourceVersion "1"]
[SourceVersionDate "2006.11.03"]
[SourceQuality "1"]

1. d4 e6 2. c4 d5 3. Nc3 Nf6 4. cxd5 exd5 5. Bg5 c6 6. e3 Qb6 7. Qc2 Ne4 8. Bh4 Nd6 9. Bd3 Bg4 10. Nge2 Bxe2 11. Qxe2 f6 12. Bg3 Nd7 13. Bxd6 Bxd6 14. Qh5+ g6 15. Bxg6+ Ke7 16. Bf5 Qxb2 17. Nxd5+ cxd5 18. 0-0 Nb6 19. Rab1 Qxa2 20. e4 dxe4 21. Rfe1 Qf7 22. Qh6 Rae8 23. d5 Kd8 24. Qc1 Qc7 25. Qh6 Bf4 26. Qxf6+ Qe7 27. Rxb6 axb6 28. Qa1 Qe5 29. Qa8+ Kc7 30. d6+ Qxd6 31. Qa4 Qc6 32. Qa1 e3 33. fxe3 Bxe3+ 34. Rxe3 Qc5 35. Qc3 Rxe3 36. Qg7+ Re7+ 0-1

[Event "CRO-chT (Women)"]
[Site "Pula"]
[Date "1999.09.09"]
[Round "1"]
[White "Gladisheva, Tatjana"]
[Black "Zelcic, Maja"]
[Result "1-0"]
[WhiteElo "2191"]
[BlackElo "2561"]
[PlyCount "81"]
[EventDate "1999.09.05"]
[EventType "team-tourn"]
[EventRounds "9"]
[EventCountry "CRO"]
[SourceTitle "EXT 2000"]
[Source "ChessBase"]
[SourceDate "1999.11.16"]
[SourceVersion "1"]
[SourceVersionDate "1999.11.16"]
[SourceQuality "1"]

1. e4 d6 2. d4 Nf6 3. Bd3 e5 4. c3 Be7 5. Nf3 Bg4 6. h3 Bxf3 7. Qxf3 Nbd7 8. 0-0 0-0 9. Rd1 c6 10. Bc2 Qc7 11. Nd2 d5 12. Bb3 exd4 13. cxd4 dxe4 14. Nxe4 Nxe4 15. Qxe4 Nf6 16. Qf5 Rad8 17. Bf4 Qd7 18. Qc2 Nd5 19. Be5 Bd6 20. Bxd5 cxd5 21. Bxd6 Qxd6 22. Rac1 Rfe8 23. a3 g6 24. Qc7 Qd7 25. Qxd7 Rxd7 26. Rd2 Kg7 27. f3 Ree7 28. Kf2 Rc7 29. Rdc2 Rxc2+ 30. Rxc2 Kf6 31. h4 h5 32. b4 a6 33. a4 Ke6 34. g4 hxg4 35. fxg4 f5 36. Re2+ Kf6 37. Rxe7 Kxe7 38. gxf5 gxf5 39. Kf3 Kf6 40. Kf4 Kg6 41. h5+ 1-0

[Event "CRO-chT2 (Women)"]
[Site "Pula"]
[Date "1998.??.??"]
[Round "1"]
[White "Gladisheva, Tatjana"]
[Black "Stevanec, Lea"]
[Result "1-0"]
[WhiteElo "2160"]
[BlackElo "2045"]
[PlyCount "107"]
[EventDate "1998.??.??"]
[EventType "team-tourn"]
[EventRounds "7"]
[EventCountry "CRO"]
[SourceTitle "EXT 2000"]
[Source "ChessBase"]
[SourceDate "1999.11.16"]
[SourceVersion "1"]
[SourceVersionDate "1999.11.16"]
[SourceQuality "1"]

1. d4 Nf6 2. Nf3 e6 3. Bf4 d5 4. e3 Nbd7 5. Bd3 Bd6 6. 0-0 0-0 7. Ne5 Qe7 8. Nd2 c5 9. c3 h6 10. Qe2 Bb8 11. Ndf3 Nh5 12. Nxd7 Nxf4 13. exf4 Qxd7 14. Ne5 Qe7 15. Rfe1 cxd4 16. cxd4 Qb4 17. Rad1 f5 18. g3 Bc7 19. a3 Qd6 20. Qh5 Rf6 21. Re3 Qf8 22. Bb5 g6 23. Qe2 Qg7 24. Rc3 a6 25. Rdc1 Bxe5 26. fxe5 Rf8 27. Rc7 Qh8 28. Bd3 Rd8 29. Qc2 Bd7 30. Rxb7 Qg7 31. Qe2 Qf8 32. Rcc7 Bc8 33. Rb6 Bd7 34. Bxa6 f4 35. Qg4 g5 36. gxf4 Qxf4 37. Qxf4 gxf4 38. Be2 Rac8 39. Rbb7 Rxc7 40. Rxc7 Kf8 41. Kg2 Ke8 42. Kf3 Rb8 43. b4 Ra8 44. Rc3 Ke7 45. Kxf4 Rf8+ 46. Ke3 Rg8 47. b5 h5 48. b6 h4 49. h3 Rb8 50. Rb3 Be8 51. Kf4 Bg6 52. Kg5 Bf5 53. Kxh4 Rh8+ 54. Kg5 1-0

[Event "Russia-chB (Women)"]
[Site "Kolontaevo"]
[Date "1998.??.??"]
[Round "?"]
[White "Strutinskaya, Galina N"]
[Black "Gladisheva, Tatjana"]
[Result "1/2-1/2"]
[WhiteElo "2290"]
[BlackElo "2160"]
[PlyCount "52"]
[EventDate "1998.??.??"]
[EventType "swiss"]
[EventRounds "9"]
[EventCountry "RUS"]
[SourceTitle "EXT 2000"]
[Source "ChessBase"]
[SourceDate "1999.11.16"]
[SourceVersion "1"]
[SourceVersionDate "1999.11.16"]
[SourceQuality "1"]

1. Nf3 c5 2. c4 Nf6 3. Nc3 Nc6 4. g3 d5 5. cxd5 Nxd5 6. Bg2 Nc7 7. 0-0 e5 8. d3 Be7 9. a3 0-0 10. Rb1 Bd7 11. h3 Rc8 12. Bd2 Ne6 13. Nd5 Bd6 14. b4 cxb4 15. axb4 Ne7 16. Ne3 b5 17. Qb3 Bc6 18. Qa2 Qd7 19. Ng4 Bxf3 20. Bxf3 Nd4 21. Kg2 Rc2 22. Rb2 Rfc8 23. Rfb1 Rxb2 24. Rxb2 Nxf3 25. exf3 Bb8 26. Rb3 h5 1/2-1/2

[Event "CRO-chT2 (Women)"]
[Site "Pula"]
[Date "1998.??.??"]
[Round "6"]
[White "Svaljek, Radmila"]
[Black "Gladisheva, Tatjana"]
[Result "1/2-1/2"]
[WhiteElo "2100"]
[BlackElo "2160"]
[PlyCount "120"]
[EventDate "1998.??.??"]
[EventType "team-tourn"]
[EventRounds "7"]
[EventCountry "CRO"]
[SourceTitle "EXT 2000"]
[Source "ChessBase"]
[SourceDate "1999.11.16"]
[SourceVersion "1"]
[SourceVersionDate "1999.11.16"]
[SourceQuality "1"]

1. d4 Nf6 2. Nf3 e6 3. c3 b6 4. Bg5 Be7 5. e3 Bb7 6. Nbd2 d5 7. Bd3 Nbd7 8. 0-0 h6 9. Bh4 Ne4 10. Bxe7 Qxe7 11. Qc2 f5 12. Bb5 c6 13. Be2 0-0 14. Rfd1 e5 15. Nf1 Rf6 16. c4 f4 17. cxd5 exd4 18. Rxd4 cxd5 19. exf4 Rc8 20. Qd1 Rxf4 21. Bb5 Ne5 22. Be2 Nxf3+ 23. Bxf3 Nxf2 24. Qd2 Rxd4 25. Qxd4 Ne4 26. Ne3 Qc5 27. Nf5 Qxd4+ 28. Nxd4 a6 29. Rd1 g6 30. h4 h5 31. g4 hxg4 32. Bxg4 Rf8 33. h5 gxh5 34. Bxh5 Kh7 35. Rd3 Rg8+ 36. Kh2 Bc8 37. Rb3 b5 38. Re3 Kg7 39. Be2 Rf8 40. Kg2 Rf4 41. Rd3 Kf6 42. Bf3 Bh3+ 43. Kg1 Bg4 44. Kg2 Bxf3+ 45. Rxf3 Rxf3 46. Kxf3 Nd2+ 47. Kf4 Nc4 48. b3 Nd2 49. Nc6 Ne4 50. Nb4 Nc3 51. Nxa6 Nxa2 52. Nc7 Nc3 53. Ke3 Ke5 54. Kd3 d4 55. b4 Kd6 56. Ne8+ Kc6 57. Kxd4 Nd5 58. Ng7 Nxb4 59. Ne6 Na6 60. Kc3 Kd5 1/2-1/2

[Event "RUS-Cup5"]
[Site "Ekaterinburg"]
[Date "1997.??.??"]
[Round "3"]
[White "Gladisheva, Tatjana"]
[Black "Shariyazdanov, Andrey"]
[Result "0-1"]
[WhiteElo "2150"]
[BlackElo "2525"]
[PlyCount "72"]
[EventDate "1997.02.13"]
[EventType "swiss"]
[EventRounds "9"]
[EventCountry "RUS"]
[SourceTitle "CBM 057 Extra"]
[Source "ChessBase"]
[SourceDate "1997.05.01"]
[SourceVersion "1"]
[SourceVersionDate "1997.05.01"]
[SourceQuality "1"]

1. e4 e6 2. e5 c5 3. g3 Nc6 4. f4 d5 5. exd6 Bxd6 6. Bg2 Nge7 7. Nc3 b6 8. Nf3 Bb7 9. d3 0-0 10. Ne4 Nf5 11. 0-0 Be7 12. Bd2 Qd7 13. g4 Nfd4 14. c3 Nxf3+ 15. Rxf3 f5 16. gxf5 exf5 17. Nf2 Bf6 18. Qf1 Rfe8 19. Re1 Rxe1 20. Qxe1 Ne7 21. Rg3 Bxg2 22. Rxg2 Ng6 23. Qd1 Nh4 24. Rg3 Kh8 25. Nh3 Qd5 26. Qh5 g6 27. Qe2 Qxa2 28. Ng5 h6 29. Rh3 hxg5 30. fxg5 Bg7 31. Rxh4+ Kg8 32. c4 Rd8 33. Qe6+ Kf8 34. Qxg6 Qb1+ 35. Kg2 Qxd3 36. Be1 Rd4 0-1

[Event "CRO-chT2"]
[Site "Medulin"]
[Date "1997.??.??"]
[Round "?"]
[White "Gladisheva, Tatjana"]
[Black "Svaljek, Radmila"]
[Result "1/2-1/2"]
[WhiteElo "2150"]
[BlackElo "2140"]
[PlyCount "91"]
[EventDate "1997.??.??"]
[EventType "team-tourn"]
[EventRounds "9"]
[EventCountry "CRO"]
[SourceTitle "EXT 1999"]
[Source "ChessBase"]
[SourceDate "1998.11.16"]
[SourceVersion "1"]
[SourceVersionDate "1998.11.16"]
[SourceQuality "1"]

1. e4 e6 2. d4 d5 3. Nd2 dxe4 4. Nxe4 Bd7 5. Nf3 Bc6 6. Bd3 Bxe4 7. Bxe4 c6 8. 0-0 Nf6 9. Bd3 Be7 10. Qe2 0-0 11. Rd1 Nbd7 12. c4 Re8 13. h3 Qc7 14. Qc2 Nf8 15. b3 c5 16. Bb2 cxd4 17. Bxd4 Ng6 18. Bxg6 hxg6 19. Be5 Qa5 20. a3 Rac8 21. Qe2 Qb6 22. b4 Red8 23. Nd4 Qa6 24. Nb5 Rxd1+ 25. Rxd1 Qa4 26. Bb2 Rxc4 27. Nd6 Rc2 28. Rd2 Rxd2 29. Qxd2 Qc6 30. Be5 Nd7 31. b5 Qc5 32. Nxb7 Qxb5 33. Bd6 Bf6 34. Na5 Nc5 35. Qb4 Qxb4 36. axb4 Ne4 37. Bc5 Bc3 38. Bxa7 Bxb4 39. Nc6 Bd6 40. Kf1 Nc3 41. Be3 Nd5 42. Bd4 f6 43. Na5 e5 44. Ba7 Kf7 45. Nc4 Bb4 46. Be3 1/2-1/2

[Event "CRO-chT2"]
[Site "Medulin"]
[Date "1997.??.??"]
[Round "?"]
[White "Grosar, Kiti"]
[Black "Gladisheva, Tatjana"]
[Result "0-1"]
[WhiteElo "2225"]
[BlackElo "2150"]
[PlyCount "80"]
[EventDate "1997.??.??"]
[EventType "team-tourn"]
[EventRounds "9"]
[EventCountry "CRO"]
[SourceTitle "EXT 1999"]
[Source "ChessBase"]
[SourceDate "1998.11.16"]
[SourceVersion "1"]
[SourceVersionDate "1998.11.16"]
[SourceQuality "1"]

1. e4 c5 2. Nf3 e6 3. c3 Nf6 4. e5 Nd5 5. d4 cxd4 6. cxd4 b6 7. Nc3 Nxc3 8. bxc3 Be7 9. Bd3 Ba6 10. c4 Bb4+ 11. Bd2 Bxd2+ 12. Qxd2 Bb7 13. Qf4 f5 14. d5 Qe7 15. 0-0 Na6 16. Nd4 0-0 17. Nb5 Nc5 18. Bc2 g5 19. Qd4 f4 20. f3 Qg7 21. Nd6 Ba6 22. Rf2 Kh8 23. a4 Nb7 24. Nxb7 Bxb7 25. Rd1 Rac8 26. a5 Rc5 27. dxe6 dxe6 28. axb6 axb6 29. Qd6 Rc6 30. Qd4 Ba6 31. Be4 Rc5 32. Qd6 Bxc4 33. Rb2 Rxe5 34. Rxb6 Bd5 35. Bd3 Re3 36. Ra6 Rg8 37. Qc5 Qb2 38. Ra7 Rxd3 39. Rxd3 Qb1+ 40. Kf2 Qxd3 0-1

[Event "CRO-chT"]
[Site "Tucepi"]
[Date "1996.??.??"]
[Round "?"]
[White "Gladisheva, Tatjana"]
[Black "Mihevc Mohr, Narcisa"]
[Result "1-0"]
[WhiteElo "2115"]
[BlackElo "2250"]
[PlyCount "131"]
[EventDate "1996.??.??"]
[EventType "team-tourn"]
[EventRounds "9"]
[EventCountry "CRO"]
[SourceTitle "EXT 1998"]
[Source "ChessBase"]
[SourceDate "1997.11.17"]
[SourceVersion "1"]
[SourceVersionDate "1997.11.17"]
[SourceQuality "1"]

1. e4 c5 2. c3 Nf6 3. e5 Nd5 4. d4 cxd4 5. Nf3 Nc6 6. cxd4 d6 7. Bc4 Nb6 8. Bxf7+ Kxf7 9. Ng5+ Kg8 10. Qf3 Qe8 11. e6 Nd8 12. d5 h6 13. Nh3 Nxd5 14. Qxd5 Bxe6 15. Qf3 Qc6 16. Qxc6 bxc6 17. Nf4 Bf7 18. Nc3 e5 19. Nfe2 d5 20. Bd2 Rb8 21. b3 g6 22. 0-0 Kh7 23. Na4 c5 24. Rac1 Nb7 25. f4 e4 26. b4 cxb4 27. Rc7 Kg8 28. Nd4 Bd6 29. Rcc1 Be8 30. Nc6 Bxc6 31. Rxc6 Kf7 32. Be3 Rhc8 33. Rfc1 Rxc6 34. Rxc6 a5 35. Nb6 Ke6 36. g4 g5 37. f5+ Kf7 38. Nxd5 a4 39. Rb6 b3 40. axb3 axb3 41. Rxb3 Na5 42. Rxb8 Bxb8 43. h3 Nc4 44. Kf2 Be5 45. Bc5 Bb2 46. Ke2 Be5 47. Bb4 Bf4 48. Nc3 Bd2 49. Nd5 Bf4 50. Bc3 Bc1 51. Bd4 Bf4 52. Nc3 Nd2 53. Be3 Bxe3 54. Kxe3 Nf3 55. Nxe4 Ng1 56. Nf2 Kf6 57. Ke4 Ne2 58. Kd5 Nf4+ 59. Kd6 Nxh3 60. Nxh3 h5 61. gxh5 Kxf5 62. Nf2 g4 63. Nxg4 Kg5 64. h6 Kg6 65. Ke6 Kh7 66. Kf6 1-0

[Event "CRO-chT"]
[Site "Tucepi"]
[Date "1996.??.??"]
[Round "?"]
[White "Macek, Vlasta"]
[Black "Gladisheva, Tatjana"]
[Result "1-0"]
[WhiteElo "2250"]
[BlackElo "2115"]
[PlyCount "155"]
[EventDate "1996.??.??"]
[EventType "team-tourn"]
[EventRounds "9"]
[EventCountry "CRO"]
[SourceTitle "EXT 1998"]
[Source "ChessBase"]
[SourceDate "1997.11.17"]
[SourceVersion "1"]
[SourceVersionDate "1997.11.17"]
[SourceQuality "1"]

1. d4 Nf6 2. Nf3 e6 3. g3 b5 4. Bg2 Bb7 5. 0-0 Na6 6. Nbd2 c5 7. c4 b4 8. Nb3 Be7 9. h3 0-0 10. Be3 cxd4 11. Nfxd4 Bxg2 12. Kxg2 Qc8 13. Rc1 Nc5 14. Kh2 Nfe4 15. f3 Nf6 16. Bf2 Nxb3 17. Qxb3 Qb7 18. e4 d6 19. Qa4 Rfc8 20. Qb5 Rab8 21. Rfd1 a6 22. Qxb7 Rxb7 23. Be3 h6 24. Kg2 Kf8 25. Kf2 Rbc7 26. b3 Ke8 27. Ne2 Kf8 28. Nf4 Rb7 29. Nd3 a5 30. e5 Ne8 31. f4 Ra8 32. Kf3 dxe5 33. Nxe5 Nf6 34. Nc6 Ra6 35. Nxe7 Kxe7 36. Bc5+ Ke8 37. Bd4 Ke7 38. Bxf6+ Kxf6 39. Ke4 Ke7 40. Rd3 a4 41. Rcd1 axb3 42. axb3 Rc7 43. Rc1 f6 44. g4 Rc5 45. Kf3 Raa5 46. Re1 Ra2 47. Rd5 Rxd5 48. cxd5 Rb2 49. Rxe6+ Kd7 50. Re3 Rd2 51. Ke4 g5 52. fxg5 hxg5 53. Rd3 Rc2 54. Kd4 Kd6 55. Rf3 Ke7 56. Re3+ Kd7 57. Rf3 Ke7 58. Ke4 Rd2 59. Rd3 Rc2 60. Rd4 Rc3 61. Rxb4 Rxh3 62. Rb7+ Kd6 63. Rf7 Rxb3 64. Rxf6+ Kd7 65. Rg6 Rb4+ 66. Kf5 Rd4 67. Kxg5 Rxd5+ 68. Kf6 Rd1 69. Kf7 Rg1 70. g5 Rg2 71. Rg8 Rf2+ 72. Kg7 Ke7 73. g6 Rg2 74. Ra8 Rg1 75. Ra2 Re1 76. Kg8 Kf6 77. g7 Ke7 78. Rh2 1-0

[Event "CRO-chT"]
[Site "Tucepi"]
[Date "1996.??.??"]
[Round "?"]
[White "Misanovic, Vesna"]
[Black "Gladisheva, Tatjana"]
[Result "1/2-1/2"]
[WhiteElo "2375"]
[BlackElo "2115"]
[PlyCount "170"]
[EventDate "1996.??.??"]
[EventType "team-tourn"]
[EventRounds "9"]
[EventCountry "CRO"]
[SourceTitle "EXT 1998"]
[Source "ChessBase"]
[SourceDate "1997.11.17"]
[SourceVersion "1"]
[SourceVersionDate "1997.11.17"]
[SourceQuality "1"]

1. d4 Nf6 2. c4 e6 3. Nf3 Bb4+ 4. Nbd2 b6 5. a3 Bxd2+ 6. Bxd2 Bb7 7. Bg5 h6 8. Bh4 d6 9. e3 Nbd7 10. Rc1 0-0 11. Nd2 e5 12. d5 Qe8 13. Bd3 e4 14. Bb1 Qe5 15. Rc3 Rfe8 16. f4 exf3 17. Qxf3 Qh5 18. Qxh5 Nxh5 19. 0-0 Ne5 20. h3 g5 21. Be1 g4 22. Rf5 Ng7 23. Rf6 h5 24. h4 Re7 25. Bg3 Nd7 26. Rh6 f5 27. Bf4 Rf8 28. Bg5 Ref7 29. Nf1 Bc8 30. Ng3 Nf6 31. Rc1 Nh7 32. Bf4 Rf6 33. Rf1 Bd7 34. Bg5 Nxg5 35. hxg5 R6f7 36. Nxh5 Nxh5 37. Rxh5 Kg7 38. Rh6 Re7 39. Kf2 Rh8 40. Rfh1 Rxh6 41. Rxh6 Re5 42. Rf6 a5 43. Bd3 Bc8 44. b4 axb4 45. axb4 Bd7 46. b5 Bc8 47. Rh6 Re7 48. Bc2 Re5 49. Rf6 Bd7 50. g3 Bc8 51. Ke2 Bd7 52. Kd2 Be8 53. Kd3 Re4 54. Bd1 Bd7 55. Be2 Bc8 56. Bf1 Re5 57. Bg2 Bd7 58. Kd4 Be8 59. Rh6 Bd7 60. Rh1 Kg6 61. Rh8 Re7 62. Rg8+ Kf7 63. Ra8 Kg6 64. Ra7 Be8 65. e4 fxe4 66. Bxe4+ Kxg5 67. Kd3 Kf6 68. Ra1 Kg5 69. Rf1 Rf7 70. Rh1 Bd7 71. Kd4 Re7 72. Rh8 Rf7 73. Rg8+ Kf6 74. Bd3 Bf5 75. Be4 Bd7 76. Ke3 Ke7 77. Rh8 Rf6 78. Rh7+ Kd8 79. Rh1 Ke7 80. Ra1 Rf7 81. Bg2 Rf6 82. Rf1 Kf7 83. Rf4 Ke7 84. Be4 Bc8 85. Bd3 Bd7 1/2-1/2